Phát triển thương mại trên hành lang kinh tế

Gespeichert in:
Bibliographische Detailangaben
1. Verfasser: Nguyễn, Văn Lịch
Format: Buch
Sprache:Undetermined
Veröffentlicht: Hà Nội Thống kê 2005
Schlagworte:
Tags: Tag hinzufügen
Keine Tags, Fügen Sie den ersten Tag hinzu!
Thư viện lưu trữ: Trung tâm Học liệu Trường Đại học Cần Thơ
LEADER 00584nam a2200205Ia 4500
001 CTU_74168
008 210402s9999 xx 000 0 und d
020 |b 58000 
082 |a 382.3 
082 |b L302 
100 |a Nguyễn, Văn Lịch 
245 0 |a Phát triển thương mại trên hành lang kinh tế 
245 0 |c Nguyễn Văn Lịch 
260 |a Hà Nội 
260 |b Thống kê 
260 |c 2005 
650 |a Commerce,Foreign trade 
650 |z Vietnam 
904 |i Năm, Qhieu 
980 |a Trung tâm Học liệu Trường Đại học Cần Thơ